<?xml version="1.0" encoding="UTF-8"?>
<record
    xmlns:xsi="http://www.w3.org/2001/XMLSchema-instance"
    xsi:schemaLocation="http://www.loc.gov/MARC21/slim http://www.loc.gov/standards/marcxml/schema/MARC21slim.xsd"
    xmlns="http://www.loc.gov/MARC21/slim">

  <leader>02857nam a22002777a 4500</leader>
  <controlfield tag="005">20240305165632.0</controlfield>
  <controlfield tag="007">cr||||   |||| </controlfield>
  <controlfield tag="008">220509s2020    es |||||s|||| 00||0 spa d</controlfield>
  <datafield tag="020" ind1=" " ind2=" ">
    <subfield code="a">978-84-122827-1-9</subfield>
  </datafield>
  <datafield tag="035" ind1=" " ind2=" ">
    <subfield code="a">35603</subfield>
  </datafield>
  <datafield tag="040" ind1=" " ind2=" ">
    <subfield code="a">vLex</subfield>
  </datafield>
  <datafield tag="090" ind1=" " ind2=" ">
    <subfield code="c">13294</subfield>
    <subfield code="d">13294</subfield>
  </datafield>
  <datafield tag="100" ind1="1" ind2=" ">
    <subfield code="a">Gorj&#xF3;n Barranco, Mar&#xED;a Concepci&#xF3;n</subfield>
  </datafield>
  <datafield tag="245" ind1="1" ind2="2">
    <subfield code="a">El delito de violencia habitual. </subfield>
    <subfield code="h">[Recurso electr&#xF3;nico] /</subfield>
    <subfield code="c">Mar&#xED;a Concepci&#xF3;n Gorj&#xF3;n Barranco</subfield>
  </datafield>
  <datafield tag="256" ind1=" " ind2=" ">
    <subfield code="a">Servicio en l&#xED;nea</subfield>
  </datafield>
  <datafield tag="260" ind1=" " ind2=" ">
    <subfield code="a">Barcelona:</subfield>
    <subfield code="b">J.M. Bosch Editor,</subfield>
    <subfield code="c">2020</subfield>
  </datafield>
  <datafield tag="300" ind1=" " ind2=" ">
    <subfield code="a">1 recurso electr&#xF3;nico</subfield>
  </datafield>
  <datafield tag="500" ind1=" " ind2=" ">
    <subfield code="a">En este trabajo se realiza una tarea de revisi&#xF3;n de la evoluci&#xF3;n y aplicaci&#xF3;n del delito de violencia habitual recogido en el art. 173.2 y 3 del c&#xF3;digo penal. Un delito, com&#xFA;nmente conocido como delito de violencia familiar, que carece de perspectiva de g&#xE9;nero, cuando en verdad, los datos nos muestran que son las mujeres quienes mayores probabilidades tienen de ser victimizadas, por encima de los hijos o los ancianos. En pleno s. XXI, tras m&#xE1;s de quince a&#xF1;os de la aprobaci&#xF3;n de la LO 1/2004 de Medidas de Protecci&#xF3;n Integral contra la violencia de g&#xE9;nero (LOMPIVG), el concepto &#xAB;g&#xE9;nero&#xBB;, parec&#xED;a estar aceptado tanto en lo social como en lo jur&#xED;dico. Sin embargo, nos encontramos con que un sector pretende regresar al debate de los a&#xF1;os ochenta, reivindicando el t&#xE9;rmino de &#xAB;violencia dom&#xE9;stica &#xBB;. Estas demandas abonan el terreno para que, desde el Feminismo, se haga balance sobre las ventajas y desventajas que se han desprendido de las &#xFA;ltimas reformas penales en la materia, que nos llevan hasta los a&#xF1;os 2003 y 2004, para tratar de reconducir la estrategia. Si la LOMPIVG acert&#xF3; al introducir una protecci&#xF3;n diferenciada hacia las mujeres, desde luego, no lo hizo al seleccionar los delitos a los que aplicar la agravante espec&#xED;fica de g&#xE9;nero, centr&#xE1;ndose en el combate de las conductas m&#xE1;s leves. La penalizaci&#xF3;n de estos micromachismos ha logrado arrinconar el delito de violencia habitual, cuando sin duda, el ejercicio de violencia reiterada hacia las mujeres sigue siendo una tarea pendiente, y una realidad silenciada y ocultada por esos delitos m&#xE1;s leves. Es por ello, que esta investigaci&#xF3;n reivindica la habitualidad como el eje sobre el que hacer pivotar la estrategia penal en este &#xE1;mbito.</subfield>
  </datafield>
  <datafield tag="506" ind1="1" ind2=" ">
    <subfield code="a">Disponible solo en los productos indicados</subfield>
    <subfield code="d">vLex Global</subfield>
    <subfield code="d">vLex Global (Academic Edition, excluding Law Schools)</subfield>
    <subfield code="d">vLex Global (U.S. Academic Edition, Law Schools)</subfield>
    <subfield code="d">vLex Global (U.S. Academic Edition, excluding Law Schools)</subfield>
    <subfield code="d">vLex Global (Academic Edition, Law Schools)</subfield>
  </datafield>
  <datafield tag="650" ind1="0" ind2="4">
    <subfield code="a">Derecho Penal</subfield>
    <subfield code="z">Espa&#xF1;a</subfield>
  </datafield>
  <datafield tag="650" ind1="0" ind2="4">
    <subfield code="a">Derecho Procesal</subfield>
    <subfield code="z">Espa&#xF1;a</subfield>
  </datafield>
  <datafield tag="650" ind1="0" ind2="4">
    <subfield code="a">Procedimiento Penal</subfield>
    <subfield code="z">Espa&#xF1;a</subfield>
  </datafield>
  <datafield tag="740" ind1="0" ind2=" ">
    <subfield code="a">vLex Libros (Servicio en l&#xED;nea)</subfield>
  </datafield>
  <datafield tag="856" ind1="4" ind2="0">
    <subfield code="u">https://app.vlex.com/#/sources/35603</subfield>
  </datafield>
  <datafield tag="942" ind1=" " ind2=" ">
    <subfield code="c">RAA</subfield>
  </datafield>
  <datafield tag="952" ind1=" " ind2=" ">
    <subfield code="0">0</subfield>
    <subfield code="1">0</subfield>
    <subfield code="4">0</subfield>
    <subfield code="7">0</subfield>
    <subfield code="8">VLEX</subfield>
    <subfield code="9">329451</subfield>
    <subfield code="a">BD-UIN</subfield>
    <subfield code="b">BD-UIN</subfield>
    <subfield code="d">2024-03-05</subfield>
    <subfield code="l">0</subfield>
    <subfield code="p">35603</subfield>
    <subfield code="r">2024-03-05</subfield>
    <subfield code="w">2024-03-05</subfield>
    <subfield code="y">RAA</subfield>
  </datafield>
  <datafield tag="999" ind1=" " ind2=" ">
    <subfield code="c">171530</subfield>
    <subfield code="d">171530</subfield>
  </datafield>
</record>
